[Event "WchT Seniors 65"]
[Site "Struga"]
[Date "2023.09.28"]
[Round "9.2"]
[White "Meyer, Paul"]
[Black "Hugentobler, Patrick"]
[Result "0-1"]
[WhiteElo "2064"]
[BlackElo "2161"]
[PlyCount "78"]
[EventDate "2023.09.19"]
[EventType "team-swiss"]
[EventRounds "9"]
[EventCountry "MKD"]
[SourceTitle "EXT 2024"]
[Source "ChessBase"]
[SourceDate "2023.10.10"]
[SourceVersion "1"]
[SourceVersionDate "2023.10.10"]
[SourceQuality "1"]
[WhiteTeam "Austria 65 II"]
[BlackTeam "Switzerland 65"]
[WhiteTeamCountry "AUT"]
[BlackTeamCountry "SUI"]

1. d4 d5 2. Nf3 Nf6 3. c4 e6 4. Nc3 Be7 5. Bf4 0-0 6. e3 b6 7. h3 Bb7 8. Rc1 c5 9. cxd5 Nxd5 10. Nxd5 Bxd5 11. dxc5 Bxc5 12. a3 a5 13. Bb5 f6 14. 0-0 e5 15. Bg3 Be6 16. Qa4 Na6 17. b4 axb4 18. Bxa6 bxa3 19. Qb5 Qe7 20. Qe2 Rfd8 21. Bc4 Ra4 22. Bb5 Rb4 23. Rb1 a2 24. Rxb4 Bxb4 25. Bc4 Ra8 26. Ra1 Qf7 27. Bxe6 Qxe6 28. Qc2 b5 29. Nd2 Bxd2 30. Qxd2 Qc4 31. f3 b4 32. Be1 b3 33. Rc1 Qxc1 34. Qd5+ Kf8 35. Qxa8+ Kf7 36. Qd5+ Kg6 37. Qd3+ Kh6 38. Kf2 a1Q 39. Bd2 Qa2 0-1

[Event "WchT Seniors 65"]
[Site "Struga"]
[Date "2023.09.27"]
[Round "8.2"]
[White "Hugentobler, Patrick"]
[Black "Danner, Lambert"]
[Result "1-0"]
[WhiteElo "2161"]
[BlackElo "1954"]
[PlyCount "81"]
[EventDate "2023.09.19"]
[EventType "team-swiss"]
[EventRounds "9"]
[EventCountry "MKD"]
[SourceTitle "EXT 2024"]
[Source "ChessBase"]
[SourceDate "2023.10.10"]
[SourceVersion "1"]
[SourceVersionDate "2023.10.10"]
[SourceQuality "1"]
[WhiteTeam "Switzerland 65"]
[BlackTeam "Austria 65"]
[WhiteTeamCountry "SUI"]
[BlackTeamCountry "AUT"]

1. e4 d6 2. d4 Nf6 3. Nc3 Nbd7 4. g4 h6 5. h3 e5 6. Nge2 g6 7. Bg2 Bg7 8. Be3 c6 9. 0-0 Qe7 10. Qd2 g5 11. Rad1 Nf8 12. dxe5 dxe5 13. Bc5 Qc7 14. Bd6 Qd7 15. Bxe5 Qxd2 16. Rxd2 Ng6 17. Bg3 h5 18. f3 Nd7 19. Rfd1 Be5 20. Bxe5 Ngxe5 21. b3 Ke7 22. Ng3 Nf6 23. Nce2 h4 24. Nf1 Be6 25. Ne3 Rad8 26. Nd4 Rd7 27. Kf2 Rhd8 28. Ndf5+ Kf8 29. Rxd7 Rxd7 30. Rxd7 Bxd7 31. Bf1 Be6 32. Bd3 b6 33. f4 gxf4 34. Ng2 Ng6 35. Kf3 Nh7 36. Ngxh4 Ng5+ 37. Kg2 Ne5 38. Nd4 f6 39. Nhf3 Ke7 40. Nxe5 fxe5 41. Nxc6+ 1-0

[Event "WchT Seniors 65"]
[Site "Struga"]
[Date "2023.09.24"]
[Round "6.2"]
[White "Alkkiomaki, Jyrki"]
[Black "Hugentobler, Patrick"]
[Result "0-1"]
[WhiteElo "1910"]
[BlackElo "2161"]
[PlyCount "86"]
[EventDate "2023.09.19"]
[EventType "team-swiss"]
[EventRounds "9"]
[EventCountry "MKD"]
[SourceTitle "EXT 2024"]
[Source "ChessBase"]
[SourceDate "2023.10.10"]
[SourceVersion "1"]
[SourceVersionDate "2023.10.10"]
[SourceQuality "1"]
[WhiteTeam "Finland Turku 65"]
[BlackTeam "Switzerland 65"]
[WhiteTeamCountry "FIN"]
[BlackTeamCountry "SUI"]

1. e4 e6 2. d4 d5 3. exd5 exd5 4. c4 Nf6 5. Nc3 Be7 6. Nf3 0-0 7. Bd3 dxc4 8. Bxc4 Nbd7 9. 0-0 Nb6 10. Bb3 Nbd5 11. Ne5 h6 12. Qf3 Be6 13. Re1 Re8 14. Ne4 Bb4 15. Rd1 Nxe4 16. Qxe4 c6 17. Qd3 Nf6 18. Bxe6 Rxe6 19. Qb3 Bd6 20. Nf3 Qe7 21. Be3 Nd5 22. Re1 Re8 23. Bd2 Qc7 24. Rxe6 Rxe6 25. Re1 Rxe1+ 26. Bxe1 Qb6 27. Qc2 Qc7 28. g3 Nf6 29. Kg2 Qe7 30. Qf5 Qd7 31. Qd3 Qe6 32. Bc3 Qxa2 33. Qf5 Qe6 34. Qa5 a6 35. Qb6 Qc8 36. Ne5 Nd5 37. Qb3 Bxe5 38. dxe5 Nxc3 39. Qxc3 c5 40. f4 c4 41. Qb4 Qc6+ 42. Kh3 b5 43. f5 Qf3 0-1

[Event "WchT Seniors 65"]
[Site "Struga"]
[Date "2023.09.22"]
[Round "4.2"]
[White "Hugentobler, Patrick"]
[Black "Fletcher, John T"]
[Result "1/2-1/2"]
[WhiteElo "2161"]
[BlackElo "2002"]
[PlyCount "63"]
[EventDate "2023.09.19"]
[EventType "team-swiss"]
[EventRounds "9"]
[EventCountry "MKD"]
[SourceTitle "EXT 2024"]
[Source "ChessBase"]
[SourceDate "2023.10.10"]
[SourceVersion "1"]
[SourceVersionDate "2023.10.10"]
[SourceQuality "1"]
[WhiteTeam "Switzerland 65"]
[BlackTeam "Wales Silures 65"]
[WhiteTeamCountry "SUI"]
[BlackTeamCountry "WLS"]

1. e4 c5 2. Nc3 Nc6 3. Bb5 Nd4 4. Bc4 Nf6 5. Nge2 a6 6. d3 e6 7. e5 Ng4 8. Nxd4 cxd4 9. Qxg4 dxc3 10. 0-0 b5 11. Bb3 Qc7 12. d4 Bb7 13. bxc3 Qxc3 14. Be3 h5 15. Qe2 h4 16. h3 g5 17. Qg4 Rg8 18. a4 b4 19. Rad1 Rg6 20. Rd3 Qc7 21. Rc1 Rc8 22. Bd2 Qb6 23. d5 exd5 24. Bxd5 Bxd5 25. Rxd5 Qc6 26. Rd3 a5 27. Rd1 Qe6 28. Qe4 Qc6 29. Qf5 Qe6 30. Qe4 Qc6 31. Qf5 Qe6 32. Qe4 1/2-1/2

[Event "WchT Seniors 65"]
[Site "Struga"]
[Date "2023.09.20"]
[Round "2.2"]
[White "Hugentobler, Patrick"]
[Black "Unander, Matts"]
[Result "1-0"]
[WhiteElo "2161"]
[BlackElo "2004"]
[PlyCount "79"]
[EventDate "2023.09.19"]
[EventType "team-swiss"]
[EventRounds "9"]
[EventCountry "MKD"]
[SourceTitle "EXT 2024"]
[Source "ChessBase"]
[SourceDate "2023.10.10"]
[SourceVersion "1"]
[SourceVersionDate "2023.10.10"]
[SourceQuality "1"]
[WhiteTeam "Switzerland 65"]
[BlackTeam "Sweden 65"]
[WhiteTeamCountry "SUI"]
[BlackTeamCountry "SWE"]

1. e4 e5 2. Nf3 d6 3. d4 exd4 4. Nxd4 Nf6 5. Nc3 Be7 6. Bf4 0-0 7. Qd2 Nc6 8. 0-0-0 Nxd4 9. Qxd4 Be6 10. f3 Nd7 11. Qe3 Bf6 12. h3 Qe7 13. Kb1 Rfe8 14. Bb5 Red8 15. Bxd7 Rxd7 16. Nd5 Bxd5 17. Rxd5 c6 18. Rd3 a6 19. Rhd1 Be5 20. Bg5 f6 21. Bh4 g5 22. Bf2 Bf4 23. Qb6 Re8 24. c4 Qf7 25. g3 Be5 26. c5 d5 27. Qb4 Red8 28. Qb3 d4 29. Kc2 Qxb3+ 30. Kxb3 Kf7 31. Kc4 Ke6 32. g4 b5+ 33. cxb6 c5 34. b4 cxb4 35. Bxd4 Rc8+ 36. Kxb4 Rb7 37. Bc5 Bc7 38. Ka5 Bf4 39. Kxa6 Rbb8 40. Kb5 1-0

[Event "SUI-ch Seniors 122nd"]
[Site "Leukerbad"]
[Date "2023.07.21"]
[Round "5"]
[White "Huss, Andreas"]
[Black "Hugentobler, Patrick"]
[Result "1-0"]
[WhiteElo "2211"]
[BlackElo "2152"]
[PlyCount "87"]
[EventDate "2023.07.17"]
[EventType "tourn"]
[EventRounds "7"]
[EventCountry "SUI"]
[SourceTitle "CBM 215 Extra"]
[Source "ChessBase"]
[SourceDate "2023.09.30"]
[SourceVersion "1"]
[SourceVersionDate "2023.09.30"]
[SourceQuality "1"]

1. d4 d5 2. c4 e6 3. Nf3 Nf6 4. Nc3 Be7 5. Bg5 h6 6. Bh4 0-0 7. e3 Ne4 8. Bxe7 Qxe7 9. Rc1 c6 10. Bd3 Nxc3 11. Rxc3 Nd7 12. Qc2 dxc4 13. Rxc4 e5 14. 0-0 exd4 15. Rxd4 Nf6 16. h3 Be6 17. Rc1 Rfd8 18. a3 Rxd4 19. Nxd4 Bd5 20. Nf5 Qe5 21. Qc3 Qxc3 22. Rxc3 Rd8 23. Ne7+ Kf8 24. Nxd5 Nxd5 25. Rb3 b6 26. Be4 Ke7 27. Rd3 Ke6 28. Bf3 Rd6 29. Kf1 c5 30. Ke2 f5 31. g4 g6 32. gxf5+ gxf5 33. Bg2 b5 34. h4 f4 35. Kf3 fxe3 36. fxe3 Ke5 37. Ke2 a5 38. Kd2 c4 39. Rd4 c3+ 40. bxc3 Nb6 41. Bf1 b4 42. cxb4 axb4 43. Rxd6 Kxd6 44. axb4 1-0

[Event "SUI-ch Seniors 122nd"]
[Site "Leukerbad"]
[Date "2023.07.18"]
[Round "2"]
[White "Hugentobler, Patrick"]
[Black "Wirthensohn, Heinz"]
[Result "1/2-1/2"]
[WhiteElo "2152"]
[BlackElo "2273"]
[PlyCount "38"]
[EventDate "2023.07.17"]
[EventType "tourn"]
[EventRounds "7"]
[EventCountry "SUI"]
[SourceTitle "CBM 215 Extra"]
[Source "ChessBase"]
[SourceDate "2023.09.30"]
[SourceVersion "1"]
[SourceVersionDate "2023.09.30"]
[SourceQuality "1"]

1. e4 c5 2. Nc3 Nc6 3. Nf3 g6 4. d4 cxd4 5. Nxd4 Bg7 6. Be3 Nf6 7. Bc4 Na5 8. Bxf7+ Kxf7 9. e5 b6 10. exf6 Bxf6 11. Ne4 Bb7 12. Nxf6 exf6 13. 0-0 Re8 14. b3 Nc6 15. Nb5 d5 16. Bf4 Ne5 17. a4 a6 18. Nd4 Qd7 19. Re1 Nc6 1/2-1/2

[Event "EU-chT Seniors 65"]
[Site "Dresden"]
[Date "2022.11.04"]
[Round "9.3"]
[White "Hugentobler, Patrick"]
[Black "Roos, Jean Luc"]
[Result "1-0"]
[WhiteElo "2152"]
[BlackElo "2195"]
[PlyCount "111"]
[EventDate "2022.10.27"]
[EventType "team-swiss"]
[EventRounds "9"]
[EventCountry "GER"]
[SourceTitle "EXT 2024"]
[Source "ChessBase"]
[SourceDate "2023.10.10"]
[SourceVersion "1"]
[SourceVersionDate "2023.10.10"]
[SourceQuality "1"]
[WhiteTeam "Schweiz 65"]
[BlackTeam "Strasbourg 65"]
[WhiteTeamCountry "SUI"]
[BlackTeamCountry "FRA"]

1. e4 e6 2. d4 d5 3. Nc3 Bb4 4. e5 c5 5. a3 Bxc3+ 6. bxc3 Ne7 7. Qg4 0-0 8. Bd3 f5 9. exf6 Rxf6 10. Bg5 Rf7 11. Qh5 g6 12. Qd1 Nbc6 13. Nf3 c4 14. Be2 Qf8 15. Qd2 Nf5 16. h4 h6 17. Bf4 Kh7 18. h5 g5 19. Bxg5 Rg7 20. g4 hxg5 21. Nxg5+ Kh8 22. gxf5 Qxf5 23. Nf3 Bd7 24. 0-0-0 Qf6 25. Nh4 Kh7 26. Ng6 Ne7 27. Rdg1 Nf5 28. Qf4 Rd8 29. Rg5 Rf7 30. Rhg1 Rg8 31. Ne5 Rxg5 32. Rxg5 Nxd4 33. Qxf6 Nxe2+ 34. Kd2 Rxf6 35. Nxd7 Rf7 36. Ne5 Rxf2 37. Ke3 Nxc3 38. Ng4 Rf7 39. Rg6 Ne4 40. Rxe6 b6 41. Kd4 Nc5 42. Rh6+ Kg7 43. Rg6+ Kf8 44. Rf6 c3 45. Kxd5 Rxf6 46. Nxf6 Kf7 47. Ng4 Ne6 48. Kc4 Nf4 49. h6 Kg6 50. Kxc3 Kg5 51. h7 Ng6 52. Ne5 Nh8 53. Nc6 Kg6 54. Nxa7 Kxh7 55. Kc4 Nf7 56. Nc8 1-0

[Event "EU-chT Seniors 65"]
[Site "Dresden"]
[Date "2022.10.31"]
[Round "5.2"]
[White "Brueggemann, Joachim"]
[Black "Hugentobler, Patrick"]
[Result "1/2-1/2"]
[WhiteElo "2310"]
[BlackElo "2152"]
[PlyCount "35"]
[EventDate "2022.10.27"]
[EventType "team-swiss"]
[EventRounds "9"]
[EventCountry "GER"]
[SourceTitle "EXT 2024"]
[Source "ChessBase"]
[SourceDate "2023.10.10"]
[SourceVersion "1"]
[SourceVersionDate "2023.10.10"]
[SourceQuality "1"]
[WhiteTeam "Germany 65"]
[BlackTeam "Schweiz 65"]
[WhiteTeamCountry "GER"]
[BlackTeamCountry "SUI"]

1. e4 e6 2. d4 d5 3. Nc3 Nf6 4. Bg5 dxe4 5. Nxe4 Nbd7 6. Nf3 h6 7. Nxf6+ Nxf6 8. Bd2 c5 9. Bb5+ Bd7 10. Bxd7+ Qxd7 11. dxc5 Bxc5 12. 0-0 Ne4 13. Qe2 Nxd2 14. Nxd2 0-0 15. Rfd1 Qc7 16. c4 Rfd8 17. Nf3 Be7 18. b3 1/2-1/2

[Event "AUT-chT2W 2223"]
[Site "Austria"]
[Date "2022.09.25"]
[Round "3.5"]
[White "Kienboeck, Benjamin"]
[Black "Hugentobler, Patrick"]
[Result "1-0"]
[WhiteElo "2241"]
[BlackElo "2143"]
[PlyCount "89"]
[EventDate "2022.09.23"]
[EventType "team-tourn"]
[EventRounds "11"]
[EventCountry "AUT"]
[SourceTitle "CBM 210 Extra"]
[Source "ChessBase"]
[SourceDate "2022.11.30"]
[SourceVersion "1"]
[SourceVersionDate "2022.11.30"]
[SourceQuality "1"]
[WhiteTeam "Hohenems II"]
[BlackTeam "Lustenau"]
[WhiteTeamCountry "AUT"]
[BlackTeamCountry "AUT"]

1. e4 e6 2. d4 d5 3. Nc3 Nf6 4. e5 Nfd7 5. f4 c5 6. Nf3 Nc6 7. Be3 Be7 8. Qd2 0-0 9. dxc5 Nxc5 10. 0-0-0 a6 11. Qf2 Qa5 12. Kb1 Na4 13. Nxa4 Qxa4 14. Nd4 Bd7 15. Nb3 Nb4 16. Nc1 Rfc8 17. Rd2 f5 18. g4 g6 19. h4 fxg4 20. c3 Nxa2 21. Bd3 Nxc1 22. Rxc1 b5 23. Bc2 Qc4 24. h5 gxh5 25. Rh1 h4 26. Rxh4 Bxh4 27. Qxh4 Qf1+ 28. Rd1 Qh3 29. Qg5+ Kh8 30. f5 Rf8 31. Bc5 Rf7 32. Be7 Re8 33. Bf6+ Rxf6 34. exf6 Rg8 35. f7 Rxg5 36. f8Q+ Rg8 37. Qf6+ Rg7 38. Qd8+ Rg8 39. Qxd7 g3 40. Qxe6 g2 41. Qe5+ Rg7 42. f6 g1Q 43. Rxg1 Rxg1+ 44. Ka2 Qg3 45. Qe8+ 1-0

[Event "AUT-chT2W 2122"]
[Site "Austria"]
[Date "2022.06.05"]
[Round "8.4"]
[White "Elsaesser, Daniel"]
[Black "Hugentobler, Patrick"]
[Result "1/2-1/2"]
[WhiteElo "1407"]
[BlackElo "2171"]
[PlyCount "88"]
[EventDate "2021.10.15"]
[EventType "team-tourn"]
[EventRounds "11"]
[EventCountry "AUT"]
[SourceTitle "EXT 2023"]
[Source "ChessBase"]
[SourceDate "2022.10.05"]
[SourceVersion "1"]
[SourceVersionDate "2022.10.05"]
[SourceQuality "1"]
[WhiteTeam "Salzburg Royal"]
[BlackTeam "Lustenau"]
[WhiteTeamCountry "AUT"]
[BlackTeamCountry "AUT"]

1. e4 e6 2. d4 d5 3. Nc3 Nf6 4. Bg5 dxe4 5. Nxe4 Nbd7 6. Nxf6+ Nxf6 7. Nf3 h6 8. Bh4 c5 9. Be2 cxd4 10. Qxd4 Qxd4 11. Nxd4 a6 12. Bg3 Ne4 13. 0-0-0 Nxg3 14. hxg3 Bd7 15. Bf3 0-0-0 16. Rh4 Bc5 17. Re4 Rhe8 18. Re3 Bc6 19. Bxc6 bxc6 20. Red3 Kc7 21. R3d2 g6 22. Nb3 Rxd2 23. Rxd2 Bd6 24. Rd3 e5 25. c4 e4 26. Re3 f5 27. Kc2 h5 28. Nd2 Rh8 29. f3 Bxg3 30. fxe4 f4 31. Rd3 g5 32. e5 g4 33. Ne4 h4 34. e6 Rd8 35. Nf6 Rxd3 36. Kxd3 Kd6 37. Nxg4 f3 38. gxf3 h3 39. b4 h2 40. Nxh2 Bxh2 41. a4 Kxe6 42. Ke4 Bd6 43. b5 cxb5 44. cxb5 axb5 1/2-1/2

[Event "AUT-chT2W 2122"]
[Site "Austria"]
[Date "2022.06.03"]
[Round "6.4"]
[White "Hengl, Christian"]
[Black "Hugentobler, Patrick"]
[Result "1/2-1/2"]
[WhiteElo "2172"]
[BlackElo "2171"]
[PlyCount "87"]
[EventDate "2021.10.15"]
[EventType "team-tourn"]
[EventRounds "11"]
[EventCountry "AUT"]
[SourceTitle "EXT 2023"]
[Source "ChessBase"]
[SourceDate "2022.10.05"]
[SourceVersion "1"]
[SourceVersionDate "2022.10.05"]
[SourceQuality "1"]
[WhiteTeam "Rochade Rum"]
[BlackTeam "Lustenau"]
[WhiteTeamCountry "AUT"]
[BlackTeamCountry "AUT"]

1. e4 e6 2. d4 d5 3. e5 c5 4. c3 Nc6 5. Nf3 Bd7 6. a3 c4 7. Nbd2 Na5 8. g3 Bc6 9. Bg2 Qd7 10. 0-0 Ba4 11. Qe2 Be7 12. h4 0-0-0 13. Re1 Kb8 14. Nf1 Nb3 15. Rb1 Nxc1 16. Rbxc1 Re8 17. Bh3 Bd8 18. Qe3 h6 19. Kg2 Ne7 20. Qd2 Reg8 21. Ne3 g6 22. Ng4 Nf5 23. Nf6 Bxf6 24. exf6 Nd6 25. Qf4 Qc7 26. Qe5 Ne4 27. Re3 Qxe5 28. Nxe5 Be8 29. Bxe6 fxe6 30. f7 Bxf7 31. Nxf7 Rh7 32. Ne5 g5 33. Rh1 gxh4 34. Rxh4 Nd6 35. Rf3 Nf5 36. Rh3 h5 37. Kf1 Rgg7 38. Ke2 Kc7 39. Rf4 Kd6 40. Nf3 b5 41. Nh4 Rg5 42. Nf3 Rgg7 43. Nh4 Rg5 44. Nf3 1/2-1/2

[Event "SUI-ch TP1"]
[Site "Payerne"]
[Date "2022.05.29"]
[Round "7"]
[White "Laurent Paoli, Pierre"]
[Black "Hugentobler, Patrick"]
[Result "1/2-1/2"]
[WhiteElo "2486"]
[BlackElo "2161"]
[PlyCount "83"]
[EventDate "2022.05.26"]
[EventType "swiss"]
[EventRounds "7"]
[EventCountry "SUI"]
[SourceTitle "CBM 208 Extra"]
[Source "ChessBase"]
[SourceDate "2022.07.31"]
[SourceVersion "1"]
[SourceVersionDate "2022.07.31"]
[SourceQuality "1"]

1. e4 e6 2. d4 d5 3. Nc3 Nf6 4. Bg5 dxe4 5. Nxe4 Nbd7 6. Nxf6+ Nxf6 7. Nf3 c5 8. Ne5 Qa5+ 9. Bd2 Qc7 10. Bb5+ Bd7 11. Nxd7 Nxd7 12. dxc5 Bxc5 13. Qh5 0-0-0 14. 0-0-0 Nf6 15. Qe2 Qb6 16. Kb1 Ne4 17. Qxe4 Qxb5 18. Bc3 Rxd1+ 19. Rxd1 Rd8 20. Rxd8+ Kxd8 21. b4 Be7 22. a3 a5 23. Kb2 axb4 24. axb4 g6 25. f3 Kd7 26. Qd4+ Kc6 27. Qf4 f5 28. h3 e5 29. Qxe5 Qxe5 30. Bxe5 Bxb4 31. Kb3 Bc5 32. c4 b5 33. g4 bxc4+ 34. Kxc4 fxg4 35. fxg4 Ba3 36. Kd4 Kd7 37. Kd5 Ke7 38. Bd4 Kf7 39. h4 Be7 40. h5 gxh5 41. gxh5 Ba3 42. Ke4 1/2-1/2

[Event "AUT-chT2W 2122"]
[Site "Austria"]
[Date "2021.10.16"]
[Round "2.3"]
[White "Hugentobler, Patrick"]
[Black "Engelhart, Achim"]
[Result "1/2-1/2"]
[WhiteElo "2171"]
[BlackElo "2088"]
[PlyCount "105"]
[EventDate "2021.10.15"]
[EventType "team-tourn"]
[EventRounds "11"]
[EventCountry "AUT"]
[SourceTitle "CBM 204 Extra"]
[Source "ChessBase"]
[SourceDate "2021.11.30"]
[SourceVersion "1"]
[SourceVersionDate "2021.11.30"]
[SourceQuality "1"]
[WhiteTeam "Lustenau"]
[BlackTeam "Hoerbranz"]
[WhiteTeamCountry "AUT"]
[BlackTeamCountry "AUT"]

1. e4 e6 2. d4 d5 3. Nc3 Nf6 4. e5 Nfd7 5. f4 c5 6. Nf3 Nc6 7. Be3 Be7 8. Qd2 0-0 9. dxc5 Bxc5 10. Nd4 Nxd4 11. Bxd4 Bxd4 12. Qxd4 Qb6 13. Nb5 Qxd4 14. Nxd4 Nb6 15. Bd3 Bd7 16. b3 f6 17. 0-0 fxe5 18. fxe5 Rxf1+ 19. Rxf1 Re8 20. Rf4 Re7 21. Rh4 h6 22. Rf4 Rf7 23. Rxf7 Kxf7 24. h4 Ke7 25. Kf2 Be8 26. Ke3 Nd7 27. Nf3 Nc5 28. g4 Nd7 29. h5 Nb8 30. Nd4 Nc6 31. Nxc6+ Bxc6 32. Kd4 b6 33. Be2 Kd7 34. Bf1 Ke7 35. a4 Kd7 36. Bg2 Kc7 37. Bf3 Kd7 38. Be2 Kc7 39. Kc3 Kd7 40. Kb4 Kc7 41. a5 Kd7 42. axb6 axb6 43. Kc3 Ke7 44. b4 Kd7 45. b5 Bb7 46. Kd4 Kc7 47. c3 Kd7 48. Ke3 Kc7 49. Kf4 Bc8 50. g5 Bd7 51. gxh6 gxh6 52. Ke3 Kd8 53. Kd4 1/2-1/2

[Event "SUI-ch Seniors"]
[Site "Flims"]
[Date "2021.07.12"]
[Round "3"]
[White "Huss, Andreas"]
[Black "Hugentobler, Patrick"]
[Result "1/2-1/2"]
[WhiteElo "2249"]
[BlackElo "2184"]
[PlyCount "43"]
[EventDate "2021.07.10"]
[EventType "tourn"]
[EventRounds "7"]
[EventCountry "SUI"]
[SourceTitle "EXT 2022"]
[Source "ChessBase"]
[SourceDate "2021.10.06"]
[SourceVersion "1"]
[SourceVersionDate "2021.10.06"]
[SourceQuality "1"]

1. d4 d5 2. c4 e6 3. Nf3 Nf6 4. Nc3 Be7 5. e3 b6 6. cxd5 exd5 7. Bd2 0-0 8. Rc1 Be6 9. Bd3 c5 10. b3 Nc6 11. dxc5 Nb4 12. Bb1 bxc5 13. Na4 Rc8 14. Bxb4 cxb4 15. Nd4 Bd7 16. 0-0 Rxc1 17. Qxc1 Qc8 18. Qxc8 Rxc8 19. Bf5 Bxf5 20. Nxf5 Kf8 21. Nd4 Bd6 22. f3 1/2-1/2

[Event "Flims op 9th"]
[Site "Flims"]
[Date "2020.10.11"]
[Round "4"]
[White "Kiese, Matthias"]
[Black "Hugentobler, Patrick"]
[Result "1/2-1/2"]
[WhiteElo "2188"]
[BlackElo "2188"]
[PlyCount "67"]
[EventDate "2020.10.09"]
[EventType "swiss"]
[EventRounds "5"]
[EventCountry "SUI"]
[SourceTitle "CBM 198 Extra"]
[Source "ChessBase"]
[SourceDate "2020.11.30"]
[SourceVersion "1"]
[SourceVersionDate "2020.11.30"]
[SourceQuality "1"]

1. d4 d5 2. c4 e6 3. Nc3 Nf6 4. Bg5 Be7 5. e3 h6 6. Bh4 0-0 7. Nf3 b6 8. Rc1 Bb7 9. cxd5 Nxd5 10. Nxd5 exd5 11. Bxe7 Qxe7 12. Qa4 c5 13. Qa3 Rc8 14. Be2 Nd7 15. 0-0 Kf8 16. dxc5 bxc5 17. Bb5 Nf6 18. Rfd1 a6 19. Bf1 a5 20. Rd2 a4 21. Rdc2 c4 22. Qxe7+ Kxe7 23. Nd2 Kd6 24. Rd1 Ke7 25. Rdc1 Rab8 26. g3 g5 27. e4 Nxe4 28. Nxe4 dxe4 29. Rxc4 Rxc4 30. Rxc4 Bd5 31. Rxa4 Rxb2 32. Rd4 Bxa2 33. Rxe4+ Kf6 34. Re2 1/2-1/2

[Event "Flims op 9th"]
[Site "Flims"]
[Date "2020.10.10"]
[Round "2"]
[White "Erne, Raphael"]
[Black "Hugentobler, Patrick"]
[Result "1/2-1/2"]
[WhiteElo "1775"]
[BlackElo "2188"]
[PlyCount "77"]
[EventDate "2020.10.09"]
[EventType "swiss"]
[EventRounds "5"]
[EventCountry "SUI"]
[SourceTitle "CBM 198 Extra"]
[Source "ChessBase"]
[SourceDate "2020.11.30"]
[SourceVersion "1"]
[SourceVersionDate "2020.11.30"]
[SourceQuality "1"]

1. c4 e6 2. g3 d5 3. Bg2 Nf6 4. Nf3 Be7 5. 0-0 0-0 6. d4 c6 7. b3 Ne4 8. Bb2 f5 9. e3 Nd7 10. Nbd2 a5 11. a4 Bd6 12. Nxe4 fxe4 13. Nd2 Qg5 14. Qe2 Nf6 15. f3 exf3 16. Nxf3 Qh5 17. Ba3 Bxa3 18. Rxa3 Ne4 19. Raa1 e5 20. Qb2 exd4 21. exd4 Bh3 22. Ne5 Bxg2 23. Qxg2 Qg5 24. Qe2 h5 25. Rae1 Nd2 26. Nf3 Rxf3 27. Rxf3 Nxf3+ 28. Qxf3 dxc4 29. bxc4 Rd8 30. Qe4 Qd2 31. d5 cxd5 32. Qe6+ Kh8 33. Qe5 dxc4 34. Qxh5+ Kg8 35. Re8+ Rxe8 36. Qxe8+ Kh7 37. Qe4+ Kh8 38. Qe8+ Kh7 39. Qe4+ 1/2-1/2

[Event "Flims op 9th"]
[Site "Flims"]
[Date "2020.10.10"]
[Round "3"]
[White "Hugentobler, Patrick"]
[Black "Boschetti, Claudio"]
[Result "1-0"]
[WhiteElo "2188"]
[BlackElo "2049"]
[PlyCount "97"]
[EventDate "2020.10.09"]
[EventType "swiss"]
[EventRounds "5"]
[EventCountry "SUI"]
[SourceTitle "CBM 198 Extra"]
[Source "ChessBase"]
[SourceDate "2020.11.30"]
[SourceVersion "1"]
[SourceVersionDate "2020.11.30"]
[SourceQuality "1"]

1. e4 e5 2. Nf3 Nc6 3. Bb5 a6 4. Bxc6 dxc6 5. 0-0 Bg4 6. h3 h5 7. d3 Qf6 8. Nbd2 Bd6 9. Re1 Ne7 10. d4 Ng6 11. hxg4 hxg4 12. Nh2 Rxh2 13. Qxg4 Rh4 14. Qf5 Rf4 15. Qxf6 Rxf6 16. Nf3 Re6 17. dxe5 Nxe5 18. Nxe5 Bxe5 19. g3 Bd4 20. c3 Bb6 21. Be3 Bxe3 22. Rxe3 0-0-0 23. Rae1 Rd2 24. R3e2 Rd8 25. Kg2 Red6 26. f4 Rd3 27. e5 g6 28. Kf2 Rh8 29. Kg2 Rhd8 30. e6 fxe6 31. Rxe6 Rd2+ 32. R1e2 c5 33. Kf3 R8d3+ 34. R2e3 Rxe3+ 35. Kxe3 Rd6 36. Rxd6 cxd6 37. Ke4 b5 38. Kd5 Kd7 39. b3 a5 40. c4 bxc4 41. bxc4 Ke7 42. a4 Kd7 43. g4 Ke7 44. f5 g5 45. f6+ Kxf6 46. Kxd6 Kf7 47. Kxc5 Ke6 48. Kb6 Ke7 49. c5 1-0

[Event "Flims op 9th"]
[Site "Flims"]
[Date "2020.10.09"]
[Round "1"]
[White "Hugentobler, Patrick"]
[Black "Federer, Colin"]
[Result "1-0"]
[WhiteElo "2188"]
[BlackElo "1628"]
[PlyCount "39"]
[EventDate "2020.10.09"]
[EventType "swiss"]
[EventRounds "5"]
[EventCountry "SUI"]
[SourceTitle "CBM 198 Extra"]
[Source "ChessBase"]
[SourceDate "2020.11.30"]
[SourceVersion "1"]
[SourceVersionDate "2020.11.30"]
[SourceQuality "1"]

1. e4 c5 2. Nc3 d6 3. f4 Nc6 4. Nf3 g6 5. Bc4 Bg7 6. 0-0 e6 7. Qe1 Nge7 8. d3 0-0 9. f5 gxf5 10. Qg3 fxe4 11. dxe4 Ng6 12. Bg5 Qd7 13. Rad1 Nd4 14. h4 Kh8 15. Nxd4 Bxd4+ 16. Rxd4 cxd4 17. Bf6+ Kg8 18. Qg5 e5 19. Qh6 Nxh4 20. Qg7# 1-0

[Event "Zuerich Kupper Memorial"]
[Site "Zuerich"]
[Date "2019.08.14"]
[Round "1"]
[White "Vaibhav, Suri"]
[Black "Hugentobler, Patrick"]
[Result "1-0"]
[WhiteElo "2591"]
[BlackElo "2149"]
[PlyCount "67"]
[EventDate "2019.08.14"]
[EventType "swiss"]
[EventRounds "7"]
[EventCountry "SUI"]
[SourceTitle "CBM 191 Extra"]
[Source "ChessBase"]
[SourceDate "2019.09.30"]
[SourceVersion "1"]
[SourceVersionDate "2019.09.30"]
[SourceQuality "1"]

1. Nf3 d5 2. c4 e6 3. g3 Nf6 4. Bg2 Be7 5. 0-0 dxc4 6. Qc2 Bd7 7. Ne5 Qc8 8. b3 c5 9. bxc4 Nc6 10. Nxd7 Qxd7 11. Nc3 0-0 12. d3 Rfd8 13. Rb1 b6 14. Qa4 Rac8 15. Bd2 Bd6 16. Rfc1 Bb8 17. Rb2 Ng4 18. Qd1 h5 19. Bh3 Nce5 20. Qf1 Qd4 21. Nd1 h4 22. Bc3 Qd6 23. f4 hxg3 24. hxg3 f5 25. fxe5 Nxe5 26. Qf4 Nxc4 27. Qxc4 Qxg3+ 28. Bg2 Kf7 29. Kf1 Rh8 30. Be1 Qg5 31. e3 Rh2 32. Bb7 Rch8 33. Rxh2 Rxh2 34. Rc2 1-0